|
|
|
|
| LEADER |
00000nab a2200000 ar4500 |
| 001 |
vtls009007910 |
| 003 |
SK-MaSNL |
| 005 |
20260303065503.0 |
| 008 |
060616c20070710xo wr|p|||||||000 b|slo |
| 015 |
|
|
|a SNBRBL2007/07
|2 snkbucl
|
| 038 |
|
|
|a SNKBUCL
|
| 040 |
|
|
|a SNKBUCL
|b slo
|c SNKBUCL
|e AACR2
|
| 041 |
0 |
|
|a slo
|
| 044 |
|
|
|a xo
|c SK
|
| 080 |
|
|
|a 796.71.093.1
|2 UDC-MRF-SK2
|
| 245 |
0 |
0 |
|a "Dôkazy predložíme na súde ...
|b Veľká cena Veľkej Británie - 9. preteky MS F1 2007
|
| 300 |
|
|
|b Fotogr., tab.
|
| 611 |
2 |
7 |
|a Majstrovstvá sveta formuly 1
|d (2007 :
|c Veľká Británia)
|2 snkbucl
|9 1063118
|
| 611 |
2 |
7 |
|a Veľká cena Veľkej Británie monopostov F1
|d (2007)
|2 snkbucl
|9 1063119
|
| 650 |
0 |
7 |
|a automobilizmus
|2 snkbucl
|9 13242
|
| 650 |
0 |
7 |
|a automobily F1
|2 snkbucl
|9 872140
|
| 773 |
0 |
|
|t Šport
|g Roč. 60, č. 157 (10.7.2007), s. 25
|x 0139-7001
|
| 852 |
|
|
|a SNK
|b KIS3GCP
|
| 999 |
|
|
|c 1751366
|d 1753296
|